Movimientos sociales, conflicto y cambios políticos en América Latina /
Guardado en:
| Autor principal: | |
|---|---|
| Otros Autores: | |
| Formato: | Texto |
| Materias: | |
| Etiquetas: |
Agregar Etiqueta
Sin Etiquetas, Sea el primero en etiquetar este registro!
|
MARC
| LEADER | 00000 a a2200000 04500 | ||
|---|---|---|---|
| 001 | 10990 | ||
| 003 | |||
| 040 | |||
| 100 | |a Seoane, José A. | ||
| 245 | |a Movimientos sociales, conflicto y cambios políticos en América Latina / |c José A. Seoane ; Emilio Taddei | ||
| 650 | |a CRISIS POLITICA | ||
| 650 | |a CONFLICTOS POLITICOS | ||
| 650 | |a LIBERALIZACION ECONOMICA | ||
| 650 | |a PRIVATIZACION | ||
| 650 | |a MOVIMIENTOS OBREROS | ||
| 650 | |a TLC | ||
| 700 | |a Taddei, Emilio | ||
| 773 | |g volumen 3, número 9; páginas 67-72 | ||
| 999 | |c 35816 |d 35816 | ||
